| Tag |
First Indicator |
Second Indicator |
Subfields |
| LEADER |
00000uam a2200000 a 4500 |
| 001 |
in00004144413 |
| 005 |
20260123213949.9 |
| 006 |
m o d |
| 007 |
cr cn |
| 008 |
160719s2019 xx o eng |
| 020 |
|
|
|z 9781492040057
|
| 035 |
|
|
|a (CaSebORM)9781492040064
|
| 040 |
|
|
|d UtOrBLW
|
| 041 |
0 |
|
|a eng
|
| 100 |
1 |
|
|a Bolton, Mitch,
|e author.
|
| 245 |
1 |
0 |
|a Building Your Cloud Strategy /
|c Bolton, Mitch.
|
| 250 |
|
|
|a 1st edition.
|
| 264 |
|
1 |
|b O'Reilly Media, Inc.,
|c 2019.
|
| 300 |
|
|
|a 1 online resource (2 pages)
|
| 336 |
|
|
|a text
|b txt
|2 rdacontent
|
| 337 |
|
|
|a computer
|b c
|2 rdamedia
|
| 338 |
|
|
|a online resource
|b cr
|2 rdacarrier
|
| 347 |
|
|
|a text file
|
| 520 |
|
|
|a Cloud computing is the practice of storing data, software, and services online so you can access and consume them remotely over the internet. This infographic describes the options and benefits of cloud computing as well as the common deployment models.
|
| 533 |
|
|
|a Electronic reproduction.
|b Boston, MA :
|c Safari,
|n Available via World Wide Web.
|
| 538 |
|
|
|a Mode of access: World Wide Web.
|
| 542 |
|
|
|f Copyright © O'Reilly Media, Inc.
|
| 588 |
|
|
|a Online resource; Title from title page (viewed July 15, 2019)
|
| 500 |
|
|
|a Electronic resource.
|
| 655 |
|
7 |
|a Electronic books.
|2 local
|
| 710 |
2 |
|
|a Safari, an O'Reilly Media Company.
|
| 856 |
4 |
0 |
|u https://proxy.library.tamu.edu/login?url=https://go.oreilly.com/TAMU/library/view/-/9781492040064/?ar
|z Connect to this electronic resource
|t 0
|
| 999 |
f |
f |
|s a7017dc5-4350-3ab6-b8d1-f17cf446deeb
|i 72a1df18-ac64-37a5-994a-4224a530a650
|t 0
|
| 952 |
f |
f |
|a Texas A&M University
|b College Station
|c Electronic Resources
|s www_evans
|d Available Online
|t 0
|h No information provided
|
| 998 |
f |
f |
|t 0
|l Available Online
|